|
|
|
|
| LEADER |
00000nab a2200000 ar4500 |
| 001 |
vtls009090045 |
| 003 |
SK-MaSNL |
| 005 |
20260303231557.0 |
| 008 |
070830c2007 xo wr|p|||||||000 b|slo |
| 015 |
|
|
|a SNBRB2007/08
|2 snkbucl
|
| 040 |
|
|
|a SNKBUCL
|b slo
|c SNKBUCL
|e AACR2
|
| 041 |
0 |
|
|a slo
|
| 044 |
|
|
|a xo
|c SK
|
| 080 |
|
|
|a 791.044.071.2
|2 2001
|
| 080 |
|
|
|a 929 Bergman, Ingmar
|2 2001
|
| 080 |
|
|
|a 791.633-051
|2 2001
|
| 245 |
0 |
0 |
|a Pokojný koniec nervózneho režiséra
|b Ingmar Bergman zomrel pokojne vo veku 89 rokov vo svojom ...
|
| 300 |
|
|
|b Fotogr.
|
| 500 |
|
|
|a Do č. 5 vychádzalo periodikum ako Domino fórum
|
| 600 |
1 |
7 |
|a Bergman, Ingmar,
|d 1918-2007
|2 snkbucl
|9 39905
|
| 655 |
|
7 |
|a nekrológy
|2 snkbucl
|9 402542
|
| 773 |
0 |
|
|t Domino efekt
|g Roč. XVI, č. 30 (2007), s. 38
|x 1335-4426
|
| 852 |
|
|
|a SNK
|b KIS3GCP
|
| 958 |
|
|
|a BC
|
| 958 |
|
|
|a SE
|
| 999 |
|
|
|c 2267521
|d 2269451
|